000 00663nam a2200193Ii 4500
003 JO-AjNU
008 230605s9999||||xx |||||||||||||| ||und||
040 _aJO-AjNU
_bara
_erda
_cJO-AjNU
041 _aara
050 1 4 _aHQ792 1994
100 3 _aتأليف: محسن، خليل,
_eauthor
_910394
245 0 0 _aدورة الحياة عند الناشئين
264 3 1 _aالكويت: دار الكتاب الحديث، 1994
300 _a168ص
_bيحتوي ببلوغرافية من ص 167-168ص
336 _atext
_btxt
_2rdacontent
337 _aunmediated
_bn
_2rdamedia
338 _avolume
_bnc
_2rdacarrier
650 4 _aالمراهقة - الصحة
_910395
999 _aA1784
_c5352
_d5352